Most Guessed Indian States - Statistics

General Stats
  • This quiz has been taken 4 times
  • The average score is 8 of 10
Answer Stats
Guessed (%) State/union territory % Correct
84 Delhi
100%
80 Gujarat
100%
80 Punjab
100%
82 Uttar Pradesh
100%
80 Goa
75%
84 Jammu and Kashmir
75%
76 Kerala
75%
77 Tamil Nadu
75%
80 West Bengal
75%
75 Rajasthan
50%
No matching quizzes found
Score Distribution
Percent of People with Each Score
Percentile by Number Answered
Your Score History
You have not taken this quiz